000 00689cab a2200217 4500
001 ABS42854
008 090401t1990 xxu||||| |||| 00| 0 eng d
035 _a(Sirsi) u39167
041 _aeng
100 _aBecker, F.
245 _aFacility management - a cutting-edge field?
260 _c1990
350 _a0
490 _aProperty Management
_v8(2) 1990, 108-116(9)
520 _aExamines the developing field of facilities management seen here as management rather than a technical function.
650 _aRefurbishment
_96264
650 _aProperty management
_96262
690 _aPROPERTY-COMMERCIAL PROPERTY-COMMERCIAL PROPERTY MARKET
942 _n0
948 _c04/03/1997
999 _c25130
_d25130